Statistics for Large US Counties with Highest Percentage of Spanish Speakers

Click here to take the quiz!

General Stats

  • This quiz has been taken 29 times
  • The average score is 6 of 10

Answer Stats

% County State % Correct
63.7Miami-DadeFL
95%
39.5Los AngelesCA
91%
46.5BronxNY
73%
33.7DallasTX
68%
26.5OrangeCA
59%
33.1RiversideCA
55%
34.2HarrisTX
50%
38.3BexarTX
45%
33.8San BernardinoCA
45%
33.3FresnoCA
32%

Score Distribution

Percentile by Number Answered

Percent of People with Each Score

Your Score History

You have not taken this quiz